000
00293nam a22001337a 4500
008
181207b xxu||||| |||| 00| 0 eng d
020
_a
9780697100528
041
_a
eng
080
_a
611
100
_a
7
101
_a
ANA
245
_a
Anatomy & Physiology
_c
Gunstream,S.E
942
_2
udc
_c
BK
999
_c
53012
_d
53012